000 01354nam2a22002651 4500
001 v19\rc\1560804
005 20250618190749.0
035 _a(NLR Aleph) 004673676
090 _a3712358
_c3712358
100 _a20060620d1896 |||y0rusy50 ca
101 0 _arus
102 _aRU
105 _ay z |||||
200 0 _aза 1894 год
210 _d1896
_aБ. м.
215 _a80 с.
461 0 _1001v19\rc\1560802
_12001#$aОбзор отраслей промышленности, служащих предметом косвенного обложения, и положение акцизного дела в Закавказском крае...$eОтчет по Закавк. акциз. упр.$vза 1894 год
_93712337
_aЗакавказское акцизное управление
_cТифлис
_d1891-1916
_oОтчет по Закавк. акциз. упр.
_tОбзор отраслей промышленности, служащих предметом косвенного обложения, и положение акцизного дела в Закавказском крае...
_vза 1894 год
801 0 _aRU
_bNLR
_gpsbo
801 0 _aRU
_bRuMoRGB
_2psbo
801 1 _aRU
_bProSoft-M
_2rusmarc
852 _aNLR
_jDesideratum
899 _aRuMoRGB (1889-1914*)
_jS 125/43
899 _aГПИБ (1893-1903*)
942 _cBOOK
980 _aNB